| 000 -CABECERA |
| Longitud fija campo de control |
00746nam a22001937a 4500 |
| 003 - IDENTIFICADOR DEL NÚMERO DE CONTROL |
| Identificador del número de control |
OSt |
| 005 - FECHA Y HORA DE LA ÚLTIMA TRANSACCIÓN |
| Fecha y hora de la última transacción |
20260515062531.0 |
| 008 - CÓDIGOS DE INFORMACIÓN DE LONGITUD FIJA |
| Códigos de información de longitud fija |
130604r20131975sp ||||| |||||00| 0 cat d |
| 040 ## - FUENTE DE LA CATALOGACIÓN |
| Centro transcriptor |
CDMR |
| 245 00 - MENCIÓN DE TÍTULO |
| Título |
Quatre Cantons |
| Resto del título |
: [el nostre company detingut] |
| 250 ## - MENCIÓN DE EDICIÓN |
| Mención de edición |
Ed. facsímil |
| Resto de la mención de edición |
Núm 118, agost 1975 |
| 260 ## - PUBLICACIÓN, DISTRIBUCIÓN, ETC. (PIE DE IMPRENTA) |
| Lugar de publicación, distribución, etc. |
Barcelona |
| Nombre del editor, distribuidor, etc. |
Parroquia de Sta. Maria del Taulat |
| Fecha de publicación, distribución, etc. |
1975 |
| 300 ## - DESCRIPCIÓN FÍSICA |
| Extensión |
27 p. |
| 500 ## - NOTA GENERAL |
| Nota general |
Edició facsímil a càrrec de l'Associació de Veïns i Veïnes del Poblenou, l'Arxiu Històric del Poblenou, la revista Carrer de la FAVB i la Comissió Ciutadana Huerta Claveria |
| 610 2# - PUNTO DE ACCESO ADICIONAL DE MATERIA - NOMBRE DE ENTIDAD CORPORATIVA |
| 9 (RLIN) |
3667 |
| Nombre de entidad corporativa o nombre de jurisdicción como elemento inicial |
Quatre Cantons (Revista) |
| 600 17 - PUNTO DE ACCESO ADICIONAL DE MATERIA - NOMBRE DE PERSONA |
| Nombre de persona |
Huertas, Josep Maria |
| Fechas asociadas al nombre |
1939-2007 |
| Fuente de encabezamiento o te&ecute,rmino |
|
| 9 (RLIN) |
28 |
| 700 1# - PUNTO DE ACCESO ADICIONAL - NOMBRE DE PERSONA |
| 9 (RLIN) |
3666 |
| Nombre de persona |
Andreu, Marc |
| Término indicativo de función |
pr. |
| 942 ## - ENTRADA DE ELEMENTOS AGREGADOS (KOHA) |
| Fuente de clasificaión o esquema |
|
| Koha [por defecto] tipo de item |
Fullets |